Verbreitung der französischen Sprache - Statistiken

Allgemein
  • Dieses Quiz wurde 96 mal gespielt
  • Das Durchschnittsergebnis liegt bei 14 aus 20
Antwortstatistiken
Platz Land Anteil Anzahl % Korrekt
1. Frankreich 93,6% 63.079.000
100%
4. Belgien 41,1% 4.750.000
92%
2. Kanada 22% 8.361.000
87%
7. Schweiz 21,3% 1.840.000
84%
8. Mali 6,4% 1.296.000
76%
18. Niger 1,1% 266.000
76%
20. Senegal 1,4% 234.000
74%
5. Demokratische Republik Kongo 4,3% 3.851.000
72%
19 Republik Kongo 4,6% 254.000
72%
6. Vereinigte Staaten von Amerika 0,7% 2.306.000
72%
12. Elfenbeinküste 2,1% 554.000
67%
16. Guinea 2,1% 276.000
64%
9. Kamerun 3,0% 796.000
64%
13. Tschad 2,3% 378.000
64%
11. Togo 7,2% 596.000
60%
3. Haiti 42% 4.789.000
57%
15 Italien 0,5% 298.000
56%
14. Zentralafrikanische Republik 7,5% 362.000
51%
17. Burkina Faso 1,3% 272.000
48%
10. Madagaskar 2,3% 637.000
37%
Keine übereinstimmenden Quizze gefunden
Verteilung der Resultate
Anzahl Personen mit jedem Resultat
Perzentil nach korrekt beantworteten Fragen
Ihre Resultats-Entwicklung
Sie haben dieses Quiz noch nicht gespielt